000
00220 a2200097 4500
001
34692
100
_a
AHM, Pref Zaiddin Ahmed
245
_a
Liaqat Ali Khan
260
_a
Lahore
_b
Royal Book co
_c
090
_c
22975
_d
22975
942
_a
NUST-CAE
_c
M
_c
14419
999
_c
269765
_d
269765